| 000 | 00390nam a2200169Ia 4500 | ||
|---|---|---|---|
| 100 | _aSloss/Andrew N/ Symes/D | ||
| 650 | _aARM | ||
| 942 | _cBK | ||
| 366 | _f25 | ||
| 654 | _aARM | ||
| 245 | _aARM system developers guide:Designing and optimizing systems software | ||
| 260 |
_bElsevier _c2004 |
||
| 082 |
_a4.1 _bLOS |
||
| 300 | _a689 | ||
| 546 |
_aENGLISH _cPAMPHALETS |
||
| 999 |
_c29350 _d29350 |
||